Sigle Province italiane - Morte improvvisa - Statistics

Statistiche generali
  • Questo quiz è stato fatto 1.604 volte
    649 dall'ultimo reset
  • Il punteggio medio è 5 su 25
Answers on the Grid
Answers color-coded by a green-red scale on the quiz's grid according to % correct below.
AB
AO
AP
AQ
AS
AS
AT
AZ
BE
BM
BS
BT
CB
CC
CE
CG
CI
CM
CN
CP
CZ
FC
FO
IM
IP
KR
LT
LV
MA
MB
MD
MS
PB
OT
PM
PS
VS
PZ
RN
RT
SN
SU
TI
TM
TN
TR
VB
VN
VN
VV
 
Statistiche sulle risposte
Risposta % Corretto
AO
39%
AQ
37%
KR
31%
TR
28%
BS
27%
CZ
27%
IM
25%
TN
24%
VB
24%
MB
22%
VV
21%
CN
20%
PZ
20%
CE
19%
AP
18%
LT
17%
AT
15%
FC
15%
CB
14%
MS
13%
RN
12%
BT
11%
OT
9%
SU
7%
VS
6%
Nessun quiz corrispondente trovato
Distribuzione punteggi
Percentuale di utenti per punteggio
Percentile per numero di risposta
I tuoi punteggi nel tempo
Non hai fatto questo quiz dall'ultimo reset